| 000 | 00510nam a2200181Ia 4500 | ||
|---|---|---|---|
| 999 |
_c35976 _d35976 |
||
| 003 | OSt | ||
| 005 | 20201013105112.0 | ||
| 008 | 190216s9999||||xx |||||||||||||| ||und|| | ||
| 020 | _a9780434980642 | ||
| 040 | _coclc | ||
| 082 |
_a796 _bMAC/H |
||
| 100 |
_aMacdonald, Malcolm _95642 |
||
| 245 | 0 |
_aHow To Score Goals / _cMalcolm Macdonald |
|
| 260 |
_bKingswood Press, _c1985. _aSurrey: |
||
| 300 | _a152p | ||
| 650 | _aGeneral Collections | ||
| 942 |
_cREF _2ddc _h796 _iMAC/H _k796 _mMAC/H |
||